| 000 | 01153cam a2200349 a 4500 | ||
|---|---|---|---|
| 999 |
_c200427159 _d45083 |
||
| 001 | 3525765 | ||
| 003 | TR-AnTOB | ||
| 005 | 20190322123612.0 | ||
| 008 | 960808s1999 nyua 001 0 eng | ||
| 010 | _a 96033596 | ||
| 020 | _a0789442590 (pbk.) | ||
| 040 |
_aDLC _cTR-AnTOB _dDLC _beng _erda |
||
| 041 | _aeng | ||
| 050 | 0 | 0 |
_aGV504 _b.M42 1999 |
| 090 |
_aGV504 _b.M42 1999 |
||
| 100 | 1 | _aMcFarlane, Stewart. | |
| 245 | 1 | 4 |
_aThe complete book of t'ai chi / _cStewart McFarlane ; consultant, Tan Mew Hong. |
| 246 | 3 | 0 | _aT'ai chi |
| 250 | _a1st pbk. ed. | ||
| 264 |
_aNew York : _bDK Pub., _c1999. |
||
| 300 |
_a120 p. : _bill. (some col.) ; _c24 cm. |
||
| 336 |
_2text _atext |
||
| 337 |
_2unmediated _aunmediated |
||
| 338 |
_2rdacarrier _avolume |
||
| 500 | _aIncludes index. | ||
| 650 | 0 | _aTai chi. | |
| 700 | 1 | _aTan, Mew Hong. | |
| 906 |
_a7 _bcbc _corignew _d1 _eocip _f19 _gy-gencatlg |
||
| 942 |
_2lcc _cBK |
||